00533nam a2200205 i 4500001000300000100001700003245004400020250001400064260004000078300002900118490001400147650003500161655002600196830001400222020001500236040000800251041000800259080001900267008004100286bg1 aALLSOP, Jake10aTest your phrasal verbs /cJake Allsop. a5th impr. aHarlow :bPearson Education,c2005. a121 s. :brys. ;c21 cm.1 aTest Your 9aJęzyk angielskixfrazeologia aĆwiczenia i zadania aTest Your a058245171X cBPK0 aeng a811.111'373.72 s pl f |000 0 pol